000 00882nam a2200277Ia 4500
001 Para_2208
003 CHAP
008 220125s1991 xx 000 0 und d
010 _a199570
040 _cCHAP
082 _aPA 632.96 C6 1991
111 _aCongreso Nacional de Control Biológico (14:1991: Buenavista, Saltillo, Coahuila)
_926928
245 _aTrabajos de investigación /
_c por Sociedad Mexicana de Control Biológico
260 _aBuenavista, Saltillo, Coahuila :
_b La Sociedad
300 _a350 p.
650 _aControl biológico
_x congresos
_9164782
650 _aControl biológico de insectos
_927582
650 _aManejo integrado de plagas
_970365
901 _aPA 632.96 C6 1991
902 _aA
905 _a0000001991 0000000000 00
910 _a1991
942 _cPARA
942 _cPARA
_d1
999 _c199570
_d199570